| 000 | 01125nam a2200337 a 4500 | ||
|---|---|---|---|
| 001 | 000045393 | ||
| 003 | DO-SdBPM | ||
| 005 | 20250731090307.0 | ||
| 007 | ta | ||
| 008 | 150306s2014 dr r 000 f spa d | ||
| 020 | _a9789945589238 | ||
| 040 |
_aDO-SdBPM _bspa _cBPMSU _drda |
||
| 082 | 4 |
_aRD863.5 _bL864e 2014 _222 |
|
| 100 |
_aLópez Rondón, Rafaela, _d1968- _eautora |
||
| 245 | 1 | 0 |
_aEn qué estaba pensando : _brelato de la casa negra / _cRafaela López Rondón ; prólogo Juan Martínez Luque. |
| 260 | _c2014. | ||
| 264 |
_aSanto Domingo : _bEditorial Santuario, _c214 |
||
| 300 |
_a86 páginas ; _c23 cm. |
||
| 336 |
_atexto _btxt _2rdacontent |
||
| 337 |
_asin mediación _bn _2rdamedia |
||
| 338 |
_avolumen _bnc _2rdacarrier |
||
| 500 | _aIncluye datos biográficos de la autora en la solapa de la cubierta | ||
| 590 | _aInventariado, 2025/VM | ||
| 650 | _aNovela dominicana | ||
| 650 | _aLiteratura dominicana. | ||
| 650 | z | _aDominican fictions | |
| 650 | z | _aDominican literature | |
| 700 | 1 |
_aMartínez Luque, Juan, _eprólogo |
|
| 910 | _aVMateo V. Control de calidad BP MSU | ||
| 942 |
_2ddc _cBK |
||
| 999 |
_c15297 _d15297 |
||